Postacie z oryginalnej trylogii Gwiezdnych Wojen na zdjęciach - Statystyki

Ogólne statystyki
  • Ten quiz został rozwiązany 2 251 razy
  • Średni wynik to 13 z 20
Statystyki odpowiedzi
Obrazkowy Odpowiedź % Poprawnych
Luke Skywalker
97%
Yoda
96%
Darth Vader
93%
Han Solo
93%
R2-D2
90%
Księżniczka Leia
89%
Chewbacca
85%
C-3PO
84%
Obi-Wan Kenobi
84%
Imperator Sheev Palpatine
82%
Jabba The Hutt
79%
Boba Fett
72%
Lando Calrissian
59%
Wicket
53%
Grand Moff Tarkin
40%
Admirał Ackbar
35%
Greedo
31%
Wujek Owen
25%
Ciocia Beru
13%
Wedge Antilles
12%
Nie znaleziono quizów pasujących do podanych kryteriów
Rozkład punktacji
Procent ludzi z każdym wynikiem
Percentyl według liczby udzielonych odpowiedzi
Twoja historia wyników
Nie rozwiązałeś tego quizu